000 00975nam a2200289 i 4500
001 88893
003 ES-MaACL
005 20250815122158.0
007 t|
008 041227s1998 sp ||||1| spa d
017 _aB 14445-1998
040 _cES-MaACL
080 _a75.017.2
245 0 3 _aLa luz en la pintura /
_cprologado por Antonio Gala.
260 _aBarcelona :
_bCarroggio,
_c[1998]
300 _a126 p. :
_bil. ;
_c31 cm.
500 _aLibro exclusivo para la oferta pública de venta de acciones de ENDESA 1998. Edición limitada.
650 7 _aPintura
_2embne
_916002
650 7 _aLuz (Arte)
_9167217
700 1 _aGala, Antonio,
_d1936-2023
_9226511
_eaui
700 _aMartínez-Novillo, Álvaro
_9234037
_eaut
700 1 _aTriadó, Juan-Ramón
_eaut
_9240804
852 _aES-MaACL
_jE-10725
_bR.134931
_xEncuadernación cartoné con sobrecubierta
942 _cMONOGRAFIA
_n0
999 _c88893
_d88893